000
00328nam a2200133Ia 4500
008
231129s1988||||xx |||||||||||||| ||spa||
040
_b
spa
082
_a
Co861 E18e
100
_a
Echavarria Rogelio
245
0
_a
Edad sin tiempo : poemas
260
_c
1988
264
_a
Talleres editoriales del Museo Rayo
942
_2
ddc
_c
BKS
999
_c
9947
_d
9947